[Event "Gausdal Bygger'n Masters"]
[Site "Gausdal NOR"]
[Date "2005.10.01"]
[Round "1.5"]
[White "Sjol, Henrik"]
[Black "Hammer, Jon Ludvig"]
[Result "0-1"]
[WhiteElo "1656"]
[BlackElo "2278"]
[PlyCount "56"]
[EventDate "2005.10.01"]
[EventType "swiss"]
[EventRounds "9"]
[EventCountry "NOR"]
[Source "lmi"]
[SourceDate "2005.10.05"]

1. c4 b6 2. d4 Bb7 3. Nc3 e6 4. e4 Bb4 5. Bd3 f5 6. Qc2 Qh4 7. Bd2 Bxc3 8. Qxc3
fxe4 9. Bf1 Nf6 10. Qg3 Qxg3 11. hxg3 Nc6 12. Bc3 O-O 13. Be2 Rae8 14. Nh3 e5
15. d5 Nd4 16. Rd1 Nxe2 17. Kxe2 Ba6 18. b3 b5 19. Bb4 bxc4 20. Bxf8 c3+ 21.
Ke1 Rxf8 22. Rc1 Nxd5 23. Ng5 Nb4 24. Rxc3 Nd3+ 25. Kd2 Rxf2+ 26. Ke3 Rxa2 27.
Rxc7 Nf2 28. Re1 d5 0-1

[Event "Gausdal Bygger'n Masters"]
[Site "Gausdal NOR"]
[Date "2005.10.01"]
[Round "1.11"]
[White "Richards, Heather"]
[Black "Jacobsen, Maria Pitz"]
[Result "1-0"]
[WhiteElo "2239"]
[BlackElo "1336"]
[PlyCount "51"]
[EventDate "2005.10.01"]
[EventType "swiss"]
[EventRounds "9"]
[EventCountry "NOR"]
[Source "lmi"]
[SourceDate "2005.10.05"]

1. e4 e5 2. Nc3 Nc6 3. g3 Bc5 4. Bg2 d6 5. Nge2 Nf6 6. Na4 Bb6 7. c3 Bg4 8. f3
Bh5 9. Nxb6 axb6 10. d4 h6 11. O-O O-O 12. Be3 Ne7 13. a3 Qd7 14. g4 Bg6 15.
Ng3 h5 16. g5 Nh7 17. dxe5 Rfd8 18. exd6 Qxd6 19. Qxd6 Rxd6 20. h4 f5 21. Bf4
Rd7 22. Rad1 Rxd1 23. Rxd1 fxe4 24. fxe4 Rc8 25. Rd7 Nf8 26. Rxe7 1-0

[Event "Gausdal Bygger'n Masters"]
[Site "Gausdal NOR"]
[Date "2005.10.01"]
[Round "1.12"]
[White "Haugstad, Espen"]
[Black "Gilbert, Jessie"]
[Result "0-1"]
[WhiteElo "1607"]
[BlackElo "2148"]
[PlyCount "70"]
[EventDate "2005.10.01"]
[EventType "swiss"]
[EventRounds "9"]
[EventCountry "NOR"]
[Source "lmi"]
[SourceDate "2005.10.05"]

1. e4 g6 2. d4 Bg7 3. Nf3 d6 4. Nc3 a6 5. Bg5 b5 6. a3 Bb7 7. Qd2 Nd7 8. O-O-O
c5 9. Be2 b4 10. axb4 cxb4 11. Nd5 h6 12. Bh4 g5 13. Bg3 Bxd5 14. exd5 Qa5 15.
Kb1 Ngf6 16. Rhe1 Nb6 17. c4 bxc3 18. Qxc3 Qxc3 19. bxc3 Nfxd5 20. Rc1 Na4 21.
c4 Ndc3+ 22. Kc2 f5 23. h3 Rb8 24. Kd3 Rb3 25. Ra1 Na2+ 26. Kc2 Rb2+ 27. Kd3
Nb4+ 28. Ke3 Nc2+ 29. Kd3 Nxe1+ 30. Nxe1 Nc5+ 31. dxc5 Rxe2 32. Rxa6 Rxe1 33.
Ra8+ Kf7 34. Rxh8 Bxh8 35. c6 Ke8 0-1

[Event "Gausdal Bygger'n Masters"]
[Site "Gausdal NOR"]
[Date "2005.10.01"]
[Round "1.13"]
[White "Lie, Terje"]
[Black "Bentsen, Oyvind"]
[Result "0-1"]
[WhiteElo "1178"]
[BlackElo "2146"]
[PlyCount "84"]
[EventDate "2005.10.01"]
[EventType "swiss"]
[EventRounds "9"]
[EventCountry "NOR"]
[Source "lmi"]
[SourceDate "2005.10.05"]

1. d4 Nf6 2. c4 g6 3. Nc3 Bg7 4. e4 d6 5. f3 O-O 6. Be3 e5 7. Nge2 Nc6 8. Qd2
exd4 9. Nxd4 Nxd4 10. Bxd4 Be6 11. Nd5 c5 12. Be3 Nxd5 13. exd5 Bf5 14. Bh6
Qh4+ 15. g3 Qxh6 16. Qxh6 Bxh6 17. f4 Bg7 18. O-O-O Be4 19. Rg1 Bd4 20. Rxd4
cxd4 21. Kd2 Rac8 22. b3 a5 23. a4 Rfe8 24. Bh3 Rc7 25. Rf1 Rce7 26. Bg4 h5 27.
Bd1 Bf5 28. Rf2 Re3 29. Kc1 d3 30. Kd2 Bg4 31. Kc1 Re1 32. Rd2 R8e3 33. c5 dxc5
34. d6 Kf8 35. h3 Be2 36. g4 hxg4 37. hxg4 Bxg4 38. f5 gxf5 39. d7 Ke7 40. b4
axb4 41. a5 c4 42. a6 bxa6 0-1

[Event "Gausdal Bygger'n Masters"]
[Site "Gausdal NOR"]
[Date "2005.10.01"]
[Round "1.14"]
[White "Nilsen, Jarle"]
[Black "Svendsen, Bertil"]
[Result "0-1"]
[WhiteElo "1632"]
[BlackElo "2205"]
[PlyCount "120"]
[EventDate "2005.10.01"]
[EventType "swiss"]
[EventRounds "9"]
[EventCountry "NOR"]
[Source "lmi"]
[SourceDate "2005.10.05"]

1. d4 Nf6 2. c4 c5 3. d5 e6 4. Nc3 exd5 5. cxd5 d6 6. Bg5 g6 7. e3 Bg7 8. Bb5+
Nbd7 9. a4 O-O 10. Nf3 Qe7 11. O-O Rb8 12. h3 a6 13. Be2 Ne5 14. Nxe5 Qxe5 15.
Bf4 Qe7 16. Qb3 Qc7 17. Qa3 Nd7 18. Rac1 Re8 19. b4 b6 20. b5 a5 21. Rfd1 Nf6
22. Bf1 Qe7 23. Bg5 Qc7 24. Bf4 h6 25. Nb1 Qe7 26. Qd3 Ne4 27. Nd2 Nxd2 28.
Rxd2 Kh7 29. Re1 f5 30. Rde2 Qf8 31. Bh2 Bd7 32. e4 f4 33. Qf3 Be5 34. Kh1 Qe7
35. g3 fxg3 36. Bxg3 Rf8 37. Qg2 g5 38. Bxe5 Qxe5 39. Qg3 Rf4 40. Bg2 Rbf8 41.
Kg1 Re8 42. Re3 Re7 43. Rf3 Kg7 44. Ree3 Ref7 45. Rxf4 Rxf4 46. Bf3 Kf6 47. Bh5
Kg7 48. Rf3 Rxf3 49. Qxf3 Qf4 50. Kg2 Qxf3+ 51. Bxf3 Kf6 52. h4 Ke5 53. hxg5
hxg5 54. Kg3 c4 55. Be2 c3 56. Bd3 Bxb5 57. axb5 a4 58. Kg4 a3 59. Kxg5 a2 60.
f4+ Kd4 0-1

[Event "Gausdal Bygger'n Masters"]
[Site "Gausdal NOR"]
[Date "2005.10.02"]
[Round "2.2"]
[White "White, Kevin"]
[Black "Haugstad, Espen"]
[Result "1-0"]
[WhiteElo "2069"]
[BlackElo "1607"]
[PlyCount "51"]
[EventDate "2005.10.01"]
[EventType "swiss"]
[EventRounds "9"]
[EventCountry "NOR"]
[Source "lmi"]
[SourceDate "2005.10.05"]

1. Nf3 Nf6 2. c4 g6 3. Nc3 d5 4. cxd5 Nxd5 5. e4 Nxc3 6. bxc3 Bg7 7. d4 c5 8.
Bc4 Nc6 9. Be3 O-O 10. O-O Qa5 11. Qb3 Qc7 12. dxc5 Na5 13. Qb4 Nxc4 14. Qxc4
b6 15. Rfc1 Bb7 16. Rab1 bxc5 17. Rb5 Rfc8 18. Rxc5 Qd7 19. Qb3 Rxc5 20. Bxc5
Bxe4 21. Ng5 Bd5 22. c4 Bc6 23. Nf3 Rd8 24. Qe3 Bh6 25. Qxh6 Qg4 26. h3 1-0

[Event "Gausdal Bygger'n Masters"]
[Site "Gausdal NOR"]
[Date "2005.10.02"]
[Round "2.3"]
[White "Vea, Odin Blikra"]
[Black "Sjol, Henrik"]
[Result "1-0"]
[WhiteElo "2090"]
[BlackElo "1656"]
[PlyCount "45"]
[EventDate "2005.10.01"]
[EventType "swiss"]
[EventRounds "9"]
[EventCountry "NOR"]
[Source "lmi"]
[SourceDate "2005.10.05"]

1. e4 e6 2. d4 d5 3. Nd2 c5 4. exd5 exd5 5. Ngf3 Nf6 6. Bb5+ Bd7 7. Bxd7+ Nbxd7
8. O-O Be7 9. dxc5 Nxc5 10. Nd4 Qd7 11. N2f3 O-O 12. Bf4 Bd6 13. Ne5 Qd8 14.
Nf5 Bxe5 15. Bxe5 Ne6 16. Qf3 Ne8 17. Rad1 Ng5 18. Qa3 Nf6 19. h4 Nge4 20. f3
Re8 21. Bd4 g6 22. Nh6+ Kg7 23. fxe4 1-0

[Event "Gausdal Bygger'n Masters"]
[Site "Gausdal NOR"]
[Date "2005.10.02"]
[Round "2.4"]
[White "Astrup, Hakon"]
[Black "Bjorgvik, Jan Arne"]
[Result "1/2-1/2"]
[WhiteElo "1943"]
[BlackElo "2119"]
[PlyCount "77"]
[EventDate "2005.10.01"]
[EventType "swiss"]
[EventRounds "9"]
[EventCountry "NOR"]
[Source "lmi"]
[SourceDate "2005.10.05"]

1. d4 d5 2. c4 e6 3. Nc3 Nf6 4. Bg5 Be7 5. e3 c6 6. Nf3 dxc4 7. Bxc4 Nd5 8.
Bxe7 Qxe7 9. Nxd5 exd5 10. Be2 Qb4+ 11. Qd2 Qxd2+ 12. Kxd2 Bg4 13. Ne5 Bxe2 14.
Kxe2 Nd7 15. Nd3 O-O 16. Rac1 Rfe8 17. Nc5 Nxc5 18. Rxc5 f5 19. g3 Re6 20. Rhc1
Kf7 21. b4 Rd8 22. a4 a6 23. b5 axb5 24. axb5 Rdd6 25. bxc6 Rxc6 26. Rxc6 Rxc6
27. Rxc6 bxc6 28. Kd3 Ke6 29. Kc3 Kd7 30. Kb4 Kd6 31. h3 h6 32. f3 g6 33. h4 g5
34. h5 g4 35. f4 c5+ 36. dxc5+ Kc6 37. Kb3 Kxc5 38. Kc3 Kc6 39. Kd3 1/2-1/2

[Event "Gausdal Bygger'n Masters"]
[Site "Gausdal NOR"]
[Date "2005.10.02"]
[Round "2.5"]
[White "Strand, Haakon"]
[Black "Kvisla, Johannes Luangtep"]
[Result "1-0"]
[WhiteElo "1986"]
[BlackElo "2123"]
[PlyCount "51"]
[EventDate "2005.10.01"]
[EventType "swiss"]
[EventRounds "9"]
[EventCountry "NOR"]
[Source "lmi"]
[SourceDate "2005.10.05"]

1. e4 e5 2. Nf3 Nc6 3. Bc4 Nf6 4. d4 exd4 5. e5 d5 6. Bb5 Ne4 7. Nxd4 Bd7 8.
Bxc6 bxc6 9. Be3 Bc5 10. Nd2 Nxd2 11. Qxd2 Qe7 12. Nb3 Bb6 13. Qc3 a5 14. O-O
O-O 15. Bc5 Bxc5 16. Nxc5 Bf5 17. Rae1 Rfb8 18. Nb3 Bd7 19. f4 Rb4 20. f5 a4
21. f6 Qf8 22. Nc5 Rc4 23. Nxd7 Rxc3 24. Nxf8 Rxc2 25. Nd7 Rd8 26. e6 1-0

[Event "Gausdal Bygger'n Masters"]
[Site "Gausdal NOR"]
[Date "2005.10.02"]
[Round "2.6"]
[White "Bentsen, Hakon"]
[Black "Thomassen, Joachim"]
[Result "1/2-1/2"]
[WhiteElo "2158"]
[BlackElo "1963"]
[PlyCount "46"]
[EventDate "2005.10.01"]
[EventType "swiss"]
[EventRounds "9"]
[EventCountry "NOR"]
[Source "lmi"]
[SourceDate "2005.10.05"]

1. e4 c5 2. Nc3 Nc6 3. g3 g6 4. Bg2 Bg7 5. d3 e5 6. Be3 d6 7. Qd2 Nge7 8. Bh6
O-O 9. h4 f6 10. Bxg7 Kxg7 11. Nge2 Nd4 12. O-O Rb8 13. Nd1 d5 14. c3 Nxe2+ 15.
Qxe2 d4 16. cxd4 Qxd4 17. Nc3 Rd8 18. Nd5 Nxd5 19. exd5 b5 20. Qe3 Bb7 21. Qxd4
cxd4 22. Rfc1 Rbc8 23. f4 exf4 1/2-1/2

[Event "Gausdal Bygger'n Masters"]
[Site "Gausdal NOR"]
[Date "2005.10.02"]
[Round "2.8"]
[White "Tallaksen, Geir Sune"]
[Black "Hobber, Anders"]
[Result "1-0"]
[WhiteElo "2350"]
[BlackElo "1915"]
[PlyCount "121"]
[EventDate "2005.10.01"]
[EventType "swiss"]
[EventRounds "9"]
[EventCountry "NOR"]
[Source "lmi"]
[SourceDate "2005.10.05"]

1. d4 d5 2. c4 c6 3. Nc3 Nf6 4. e3 Bf5 5. cxd5 cxd5 6. Qb3 Qd7 7. Nf3 e6 8. Bb5
Nc6 9. Ne5 Qc7 10. Qa4 Rc8 11. Qxa7 Bd6 12. Nxc6 bxc6 13. Qxc7 Rxc7 14. Be2 Ke7
15. O-O Ra7 16. b3 Ne4 17. Na4 Rb8 18. f3 Nf6 19. Rf2 Nd7 20. Bd1 Nb6 21. Nc3
e5 22. Bb2 exd4 23. exd4 Bf4 24. Bc1 Bxc1 25. Rxc1 Kd6 26. Bc2 Bxc2 27. Rfxc2
Rc8 28. Kf2 h6 29. g4 Ra5 30. a4 Ra7 31. h4 g6 32. Rh1 Re8 33. h5 g5 34. Ne2
Nc8 35. Ng3 Ne7 36. Re1 Raa8 37. Rce2 Kd7 38. Nf5 Ng8 39. Rxe8 Rxe8 40. Rxe8
Kxe8 41. Ke3 Kd7 42. Kd3 Kc7 43. Kc3 Kb6 44. Kb4 Kc7 45. Kc5 Nf6 46. Nxh6 Nd7+
47. Kb4 Nf6 48. Nxf7 Kb6 49. Nxg5 Nd7 50. h6 c5+ 51. dxc5+ Nxc5 52. h7 Na6+ 53.
Kc3 d4+ 54. Kxd4 Nc5 55. h8=Q Nxb3+ 56. Kd5 Nc5 57. a5+ Kc7 58. Kxc5 Kd7 59.
Qg7+ Kc8 60. Kc6 Kb8 61. Qb7# 1-0

[Event "Gausdal Bygger'n Masters"]
[Site "Gausdal NOR"]
[Date "2005.10.02"]
[Round "2.9"]
[White "Getz, Nicolai"]
[Black "Reppen, Sigmund"]
[Result "0-1"]
[WhiteElo "1913"]
[BlackElo "1916"]
[PlyCount "94"]
[EventDate "2005.10.01"]
[EventType "swiss"]
[EventRounds "9"]
[EventCountry "NOR"]
[Source "lmi"]
[SourceDate "2005.10.05"]

1. e4 d5 2. exd5 Qxd5 3. Nc3 Qa5 4. Bc4 Nf6 5. d3 c6 6. Bd2 Qc7 7. Qe2 Bg4 8.
f3 Bh5 9. g4 Bg6 10. f4 h6 11. O-O-O Nbd7 12. f5 Bh7 13. Nh3 Qe5 14. Qf3 Qd4
15. Bf4 g5 16. Ne2 Qb6 17. Bg3 Bg7 18. c3 O-O 19. Nf2 Rad8 20. h4 Nd5 21. Bxd5
cxd5 22. hxg5 hxg5 23. d4 e6 24. Nd3 Rfe8 25. Rh2 exf5 26. gxf5 Nf8 27. Be5 f6
28. Bg3 a5 29. Rdh1 Re7 30. Nc5 Bh8 31. Be1 Qc6 32. Bd2 b6 33. Nd3 Rde8 34. Ng3
Qd7 35. Qg4 Bg7 36. Rf2 a4 37. Nh5 Re4 38. Qf3 a3 39. Bxg5 axb2+ 40. Kxb2 Qb5+
41. Ka1 fxg5 42. Rb2 Re3 43. Qxe3 Qxb2+ 44. Kxb2 Rxe3 45. f6 Bxd3 46. fxg7 Nh7
47. Rg1 Rh3 0-1

[Event "Gausdal Bygger'n Masters"]
[Site "Gausdal NOR"]
[Date "2005.10.02"]
[Round "2.10"]
[White "Bryn, Askild"]
[Black "Hansen, Torbjorn Ringdal"]
[Result "0-1"]
[WhiteElo "2019"]
[BlackElo "2323"]
[PlyCount "76"]
[EventDate "2005.10.01"]
[EventType "swiss"]
[EventRounds "9"]
[EventCountry "NOR"]
[Source "lmi"]
[SourceDate "2005.10.05"]

1. e4 c6 2. d4 d5 3. Nc3 dxe4 4. Nxe4 Bf5 5. Ng3 Bg6 6. Nf3 Nd7 7. Bd3 e6 8.
O-O Ngf6 9. Re1 Bd6 10. Ng5 Bxd3 11. Qxd3 O-O 12. Nh5 h6 13. Nxf6+ Nxf6 14. Ne4
Bc7 15. Nxf6+ Qxf6 16. Re3 c5 17. dxc5 Rad8 18. Qe2 Rd5 19. Rb3 Qe5 20. Kf1
Qxh2 21. Rh3 Qe5 22. Qxe5 Bxe5 23. Be3 Rfd8 24. Ke2 Bxb2 25. Rb1 Ba3 26. c4 Re5
27. Rxb7 Bxc5 28. Rb5 Rc8 29. Kd3 a6 30. Rxc5 Rexc5 31. Bxc5 Rxc5 32. Kd4 Ra5
33. a3 Kf8 34. Rb3 Ke7 35. Rb7+ Kf6 36. c5 Ra4+ 37. Rb4 Rxb4+ 38. axb4 Ke7 0-1

[Event "Gausdal Bygger'n Masters"]
[Site "Gausdal NOR"]
[Date "2005.10.02"]
[Round "2.11"]
[White "Ferkingstad, Sjur"]
[Black "Myhrvold, Rune"]
[Result "1-0"]
[WhiteElo "2239"]
[BlackElo "2164"]
[PlyCount "73"]
[EventDate "2005.10.01"]
[EventType "swiss"]
[EventRounds "9"]
[EventCountry "NOR"]
[Source "lmi"]
[SourceDate "2005.10.05"]

1. e4 c5 2. b3 Nf6 3. Nc3 Nc6 4. Bb2 d5 5. exd5 Nxd5 6. Bc4 Nb6 7. Be2 e5 8.
Nf3 Be7 9. O-O a6 10. a4 O-O 11. a5 Nd5 12. Nxd5 Qxd5 13. Bc4 Qd6 14. Qe1 Nd4
15. Nxd4 exd4 16. Qe4 Bd7 17. Bd5 Rae8 18. Bxb7 Bb5 19. d3 Bg5 20. Qf3 Bd2 21.
Qd5 Qc7 22. Qf3 Bxa5 23. Bc1 Qb6 24. Bf4 Bc3 25. Rab1 Bd7 26. Bd5 Be6 27. Bc4
Bxc4 28. bxc4 Qe6 29. Qg3 Rc8 30. Rb7 a5 31. h4 Rfe8 32. h5 Rc6 33. Rfb1 Qf5
34. Rb8 Rce6 35. Bh6 Qe5 36. Rxe8+ Rxe8 37. Qxe5 1-0

[Event "Gausdal Bygger'n Masters"]
[Site "Gausdal NOR"]
[Date "2005.10.02"]
[Round "2.12"]
[White "Jacobsen, Maria Pitz"]
[Black "Agdestein, Emil"]
[Result "0-1"]
[WhiteElo "1336"]
[BlackElo "2057"]
[PlyCount "67"]
[EventDate "2005.10.01"]
[EventType "swiss"]
[EventRounds "9"]
[EventCountry "NOR"]
[Source "lmi"]
[SourceDate "2005.10.05"]

1. d4 Nf6 2. c4 g6 3. Nc3 Bg7 4. Qc2 d6 5. e4 e5 6. d5 a5 7. a3 Nbd7 8. f3 Nc5
9. Be3 b6 10. Nge2 Bd7 11. g4 a4 12. Bxc5 bxc5 13. Ng3 Bh6 14. Nd1 Bf4 15. Ne2
g5 16. h4 h5 17. Nxf4 gxf4 18. g5 Ng8 19. Nc3 Ne7 20. Bh3 Bxh3 21. Rxh3 Qd7 22.
Rh1 Ng6 23. b3 axb3 24. Qxb3 O-O 25. Qb5 Qc8 26. Qb3 Ra5 27. Nb5 Qd7 28. Rh2
Kg7 29. Qc3 Rfa8 30. Qb3 Ne7 31. Rd1 Kg6 32. Rg2 Qh3 33. Rdd2 Qh1+ 34. Ke2 0-1

[Event "Gausdal Bygger'n Masters"]
[Site "Gausdal NOR"]
[Date "2005.10.02"]
[Round "2.13"]
[White "Carlsen, Ellen Oen"]
[Black "Thomassen, Thomas"]
[Result "1-0"]
[WhiteElo "1866"]
[BlackElo "2077"]
[PlyCount "103"]
[EventDate "2005.10.01"]
[EventType "swiss"]
[EventRounds "9"]
[EventCountry "NOR"]
[Source "lmi"]
[SourceDate "2005.10.05"]

1. e4 c5 2. Nf3 Nc6 3. d4 cxd4 4. Nxd4 Nf6 5. Nc3 e5 6. Ndb5 d6 7. Bg5 a6 8.
Na3 b5 9. Bxf6 gxf6 10. Nd5 f5 11. c3 Bg7 12. Bd3 Be6 13. Nc2 Bxd5 14. exd5 Ne7
15. Nb4 O-O 16. O-O Qb6 17. a4 bxa4 18. Rxa4 a5 19. Nc6 Nxc6 20. dxc6 e4 21.
Bc4 Be5 22. Bd5 Qxb2 23. Rc4 Rac8 24. Qh5 Qd2 25. Rd1 Qf4 26. g3 Qg4 27. Qxg4+
fxg4 28. Ra1 Kg7 29. Bxe4 f5 30. Bd5 Rc7 31. Rxa5 Kf6 32. Rb5 Rfc8 33. Rb7 h6
34. Ra4 Bxc3 35. Raa7 Rxc6 36. Bxc6 Rxc6 37. Rf7+ Kg6 38. Rf8 Rb6 39. Re8 Kf6
40. Rae7 Bd2 41. Re6+ Kf7 42. R8e7+ Kf8 43. Rd7 f4 44. gxf4 Bxf4 45. Rf6+ Ke8
46. Ra7 Bg5 47. Rg6 Kf8 48. Rd7 Bf4 49. Rxg4 Rb4 50. Kg2 Ke8 51. Rh7 Kf8 52.
Rxh6 1-0

[Event "Gausdal Bygger'n Masters"]
[Site "Gausdal NOR"]
[Date "2005.10.02"]
[Round "2.14"]
[White "Westerinen, Heikki M.J"]
[Black "Bentsen, Oyvind"]
[Result "0-1"]
[WhiteElo "2410"]
[BlackElo "2146"]
[PlyCount "142"]
[EventDate "2005.10.01"]
[EventType "swiss"]
[EventRounds "9"]
[EventCountry "NOR"]
[Source "lmi"]
[SourceDate "2005.10.05"]

1. e4 e5 2. Nf3 Nc6 3. Bb5 Nf6 4. d3 d6 5. a4 g6 6. O-O Bg7 7. a5 a6 8. Bc4 Be6
9. Nbd2 Bxc4 10. Nxc4 O-O 11. Bg5 Qd7 12. c3 Nh5 13. Ne3 h6 14. Bh4 Nf4 15. d4
exd4 16. cxd4 Nxd4 17. Nxd4 Bxd4 18. Nd5 Be5 19. Qd2 Nxd5 20. exd5 Bg7 21. f4
Qb5 22. Rac1 Rfe8 23. Rc2 Re4 24. Bf2 Rae8 25. Re1 Rxe1+ 26. Bxe1 Re4 27. Bf2
Rc4 28. Rxc4 Qxc4 29. g3 Qb3 30. Ba7 Bxb2 31. f5 g5 32. Bb8 Bc3 33. Qd3 Qb2 34.
Bxc7 Bd4+ 35. Kh1 Qf2 36. Qd1 Bc5 37. g4 h5 38. gxh5 Qxf5 39. Kg2 Qe4+ 40. Qf3
Qc2+ 41. Kf1 Qxh2 42. Bd8 Kf8 43. Bf6 g4 44. Qf5 Qg1+ 45. Ke2 Qe3+ 46. Kf1 Qf3+
47. Qxf3 gxf3 48. Bc3 Kg8 49. Bd2 Kg7 50. Ke1 Kf6 51. Kf1 Bd4 52. Bh6 b5 53.
axb6 Bxb6 54. Bf4 Bc5 55. Bd2 Kf5 56. Ke1 Bd4 57. h6 Ke4 58. h7 Kxd5 59. Bb4
Ke6 60. Kd2 f2 61. Ke2 d5 62. Bc5 Bh8 63. Bxf2 Kf5 64. Kd3 Kg6 65. Kc2 Kxh7 66.
Kb3 Kg6 67. Kb4 Kf5 68. Ka5 Ke4 69. Kxa6 d4 70. Kb5 d3 71. Be1 Kf3 0-1

[Event "Gausdal Bygger'n Masters"]
[Site "Gausdal NOR"]
[Date "2005.10.02"]
[Round "2.15"]
[White "Hammer, Jon Ludvig"]
[Black "Antic, Dejan"]
[Result "0-1"]
[WhiteElo "2278"]
[BlackElo "2519"]
[PlyCount "42"]
[EventDate "2005.10.01"]
[EventType "swiss"]
[EventRounds "9"]
[EventCountry "NOR"]
[Source "lmi"]
[SourceDate "2005.10.05"]

1. e4 c5 2. Nf3 e6 3. Nc3 a6 4. d4 cxd4 5. Nxd4 Nc6 6. Be3 Nf6 7. Bd3 Qc7 8.
O-O Nxd4 9. Bxd4 Bc5 10. Bxc5 Qxc5 11. Kh1 h5 12. Qf3 d6 13. Qg3 Kf8 14. f4 h4
15. Qf3 Bd7 16. Rae1 Bc6 17. Qh3 Rh5 18. Be2 Rh6 19. Bf3 e5 20. Qf5 Bd7 21. Qg5
Nh7 0-1

[Event "Gausdal Bygger'n Masters"]
[Site "Gausdal NOR"]
[Date "2005.10.02"]
[Round "2.16"]
[White "Burmakin, Vladimir"]
[Black "Aarland, Stein Arild"]
[Result "1-0"]
[WhiteElo "2508"]
[BlackElo "2278"]
[PlyCount "83"]
[EventDate "2005.10.01"]
[EventType "swiss"]
[EventRounds "9"]
[EventCountry "NOR"]
[Source "lmi"]
[SourceDate "2005.10.05"]

1. d4 e6 2. c4 f5 3. g3 Nf6 4. Bg2 d5 5. cxd5 exd5 6. Nh3 c6 7. O-O Bd6 8. Bf4
O-O 9. Nd2 Na6 10. Nf3 Nc7 11. Bxd6 Qxd6 12. Nf4 Ne6 13. Qc1 Bd7 14. Rb1 Rae8
15. Nxe6 Rxe6 16. Ne5 Ng4 17. f4 Rh6 18. h3 Nf6 19. Qe3 Ne4 20. g4 fxg4 21.
hxg4 Qe7 22. Rf3 Rh4 23. f5 Be8 24. Rf4 Nd6 25. Qg3 Rh6 26. g5 Rh5 27. f6 Qe6
28. Rbf1 g6 29. Bf3 Ne4 30. Rxe4 dxe4 31. Bxh5 gxh5 32. e3 c5 33. dxc5 h4 34.
Qf4 h3 35. b3 Qd5 36. g6 hxg6 37. Qh6 h2+ 38. Kh1 Rxf6 39. Rxf6 Qd1+ 40. Kxh2
Qe2+ 41. Kg1 Qe1+ 42. Kg2 1-0

[Event "Gausdal Bygger'n Masters"]
[Site "Gausdal NOR"]
[Date "2005.10.02"]
[Round "2.17"]
[White "Fossum, Oystein Boyum"]
[Black "Dobrov, Vladimir"]
[Result "0-1"]
[WhiteElo "2247"]
[BlackElo "2515"]
[PlyCount "80"]
[EventDate "2005.10.01"]
[EventType "swiss"]
[EventRounds "9"]
[EventCountry "NOR"]
[Source "lmi"]
[SourceDate "2005.10.05"]

1. c4 Nf6 2. Nf3 c6 3. g3 d5 4. Bg2 dxc4 5. Qc2 Qd5 6. Na3 Be6 7. O-O Nbd7 8.
b3 cxb3 9. axb3 Qxb3 10. Qxb3 Bxb3 11. Rb1 Bd5 12. Rxb7 e5 13. d3 e4 14. dxe4
Nxe4 15. Nc2 Ndc5 16. Rb2 Na4 17. Rb7 Nec5 18. Rb4 a5 19. Rd4 Nc3 20. Re1 Be7
21. Nd2 Rb8 22. Ba3 Rb5 23. e4 Be6 24. Bf1 Rb8 25. Nc4 Nb5 26. Rdd1 Nxa3 27.
N2xa3 Rb3 28. Nc2 Rc3 29. N2e3 a4 30. Nd6+ Bxd6 31. Rxd6 Nxe4 32. Rd4 Nc5 33.
Nf5 g6 34. Ng7+ Ke7 35. Nxe6 fxe6 36. Bg2 Rc8 37. Bh3 Re8 38. Bg2 a3 39. Bxc6
Rd8 40. Rh4 Nd3 0-1

[Event "Gausdal Bygger'n Masters"]
[Site "Gausdal NOR"]
[Date "2005.10.02"]
[Round "2.18"]
[White "Svendsen, Bertil"]
[Black "Brynell, Stellan"]
[Result "0-1"]
[WhiteElo "2205"]
[BlackElo "2496"]
[PlyCount "45"]
[EventDate "2005.10.01"]
[EventType "swiss"]
[EventRounds "9"]
[EventCountry "NOR"]
[Source "lmi"]
[SourceDate "2005.10.05"]

1. c4 Nf6 2. g3 e6 3. Bg2 d5 4. Nf3 Be7 5. O-O O-O 6. b3 c5 7. Bb2 Nc6 8. cxd5
exd5 9. d4 Ne4 10. e3 Bf6 11. Nbd2 Bf5 12. Nxe4 dxe4 13. Nd2 Re8 14. g4 Bg6 15.
g5 Bxg5 16. dxc5 Qe7 17. Nc4 Red8 18. Qe2 Qxc5 19. Ba3 Qb5 20. Qc2 Bf6 21. Rac1
Qh5 22. Nd6 Be5 23. Qd1 0-1

[Event "Gausdal Bygger'n Masters"]
[Site "Gausdal NOR"]
[Date "2005.10.02"]
[Round "2.19"]
[White "Silseth, Simon"]
[Black "Kulaots, Kaido"]
[Result "0-1"]
[WhiteElo "2328"]
[BlackElo "2558"]
[PlyCount "98"]
[EventDate "2005.10.01"]
[EventType "swiss"]
[EventRounds "9"]
[EventCountry "NOR"]
[Source "lmi"]
[SourceDate "2005.10.05"]

1. c4 Nf6 2. Nc3 c5 3. Nf3 b6 4. g3 Bb7 5. Bg2 g6 6. O-O Bg7 7. d4 cxd4 8. Qxd4
d6 9. Bg5 Nbd7 10. Nd5 O-O 11. Qh4 Rc8 12. Rad1 Re8 13. b3 Nxd5 14. cxd5 Rc2
15. Rd2 Rxd2 16. Nxd2 Nf6 17. e4 Qc7 18. Nc4 b5 19. Ne3 Bc8 20. Rd1 Qc3 21. Nf1
Bd7 22. Rc1 Qb2 23. Rc7 Qxa2 24. e5 dxe5 25. d6 Qxb3 26. Bxf6 Bxf6 27. Qe4 Qe6
28. Qb7 Rd8 29. dxe7 Bxe7 30. Bd5 Qd6 31. Bc6 Bxc6 32. Rxc6 Rb8 33. Qxa7 Qxc6
34. Qxb8+ Kg7 35. Qxe5+ Bf6 36. Qb8 Qc5 37. Ne3 Bd4 38. Kf1 b4 39. Ke2 Qc3 40.
Qb5 b3 41. Nc4 Qc2+ 42. Nd2 Bc3 43. Qd3 Qxd2+ 44. Qxd2 Bxd2 45. Kxd2 Kf6 46.
Kc3 Ke5 47. Kxb3 Ke4 48. f4 Kf3 49. Kc4 Kg2 0-1

[Event "Gausdal Bygger'n Masters"]
[Site "Gausdal NOR"]
[Date "2005.10.02"]
[Round "2.20"]
[White "Karlsson, Lars"]
[Black "Richards, Heather"]
[Result "1-0"]
[WhiteElo "2501"]
[BlackElo "2239"]
[PlyCount "65"]
[EventDate "2005.10.01"]
[EventType "swiss"]
[EventRounds "9"]
[EventCountry "NOR"]
[Source "lmi"]
[SourceDate "2005.10.05"]

1. g3 e5 2. c4 d5 3. cxd5 Nf6 4. Nc3 Nxd5 5. Bg2 c6 6. Nf3 Bd6 7. O-O O-O 8. d4
Nxc3 9. bxc3 Nd7 10. e4 Re8 11. Re1 Qc7 12. Nd2 b5 13. Nf1 Nb6 14. f4 f6 15.
dxe5 fxe5 16. f5 a5 17. g4 Nc4 18. Kh1 Rd8 19. g5 Qf7 20. Ne3 Be7 21. Qe2 Nb6
22. Ng4 Nc4 23. Qf3 b4 24. Bf1 Bd6 25. Qg3 Ba6 26. Bh3 bxc3 27. g6 hxg6 28.
fxg6 Qe8 29. Ne3 Nd2 30. Bf5 Be7 31. Be6+ Kf8 32. Qf2+ Bf6 33. Ba3+ 1-0

[Event "Gausdal Bygger'n Masters"]
[Site "Gausdal NOR"]
[Date "2005.10.02"]
[Round "2.21"]
[White "Gilbert, Jessie"]
[Black "Akesson, Ralf"]
[Result "0-1"]
[WhiteElo "2148"]
[BlackElo "2486"]
[PlyCount "70"]
[EventDate "2005.10.01"]
[EventType "swiss"]
[EventRounds "9"]
[EventCountry "NOR"]
[Source "lmi"]
[SourceDate "2005.10.05"]

1. d4 Nf6 2. c4 e6 3. Nf3 b6 4. g3 Ba6 5. Nbd2 Bb7 6. Bg2 c5 7. O-O cxd4 8.
Nxd4 Bxg2 9. Kxg2 Qc7 10. b3 Qb7+ 11. N2f3 a6 12. Bb2 Be7 13. Kg1 O-O 14. Qd3
d6 15. Ng5 Nbd7 16. Qf3 Qxf3 17. Ngxf3 Rfc8 18. Rfd1 g6 19. Rac1 Rc7 20. Nd2
Rac8 21. Ba3 Bf8 22. Nf1 d5 23. Bxf8 Kxf8 24. Ne3 b5 25. c5 Nxc5 26. Nf3 Nce4
27. Rxc7 Rxc7 28. Kg2 Ke7 29. Ne1 Kd6 30. f3 Nc3 31. Rd2 e5 32. Nd3 d4 33. Nf1
Nfd5 34. Nf2 Ke6 35. Rc2 Nb4 0-1